Normal view
MARC view
Entry Personal Name
001 - CONTROL NUMBER
- control field: 52223
003 - CONTROL NUMBER IDENTIFIER
- control field: ARRUPE
005 - DATE AND TIME OF LATEST TRANSACTION
- control field: 20230313121256.0
008 - FIXED-LENGTH DATA ELEMENTS
- fixed length control field: 230313|| aca||aabn | a|a d
040 ## - CATALOGING SOURCE
- Original cataloging agency: ARRUPE
- Transcribing agency: ARRUPE
100 ## - HEADING--PERSONAL NAME
- Personal name: Duncan Ronald
670 ## - SOURCE DATA FOUND
- Source citation: Work cat.: (ARRUPE)131665: Duncan Ronald, The writings of Gandhi,, 1972.